Κατάλογος Βιβλιοθηκών Mediterranean College

Μορφές και Τρόποι Εργασίας στο Νηπιαγωγείο / Β' Έκδοση (Record no. 1922)

MARC details
000 -LEADER
fixed length control field 01929cam a22001934a 4500
005 - ΗΜΕΡΟΜΗΝΙΑ ΚΑΙ ΩΡΑ ΤΕΛΕΥΤΑΙΑΣ ΕΝΗΜΕΡΩΣΗΣ
Πεδίο ελέγχου 20250605163312.0
008 - FIXED-LENGTH DATA ELEMENTS--GENERAL INFORMATION
Πεδίο ελέγχου σταθερού μήκους 250528s ||||||||||||||||||||||||d
035 ## - SYSTEM CONTROL NUMBER
System control number 16421
020 ## - ISBN
ISBN 9602100621
040 ## - ΠΗΓΗ ΚΑΤΑΛΟΓΟΓΡΑΦΗΣΗΣ
Φορέας πρωτότυπης καταλογογράφησης MC Athens Campus Library
Γλώσσα καταλογογράφησης Ελληνικά, Μοντέρνα (1453-)
Modifying agency MC Athens Campus Library
Κανόνες περιγραφικής καταλογογράφησης AACR2
245 1# - ΤΙΤΛΟΣ ΚΑΙ ΔΗΛΩΣΗ ΥΠΕΥΘΥΝΟΤΗΤΑΣ
Τίτλος Μορφές και Τρόποι Εργασίας στο Νηπιαγωγείο / Β' Έκδοση
260 ## - PUBLICATION, DISTRIBUTION, ETC.
Name of publisher, distributor, etc. Οδυσσέας,
Date of publication, distribution, etc. 1990
300 ## - PHYSICAL DESCRIPTION
Extent 368
520 ## - SUMMARY, ETC.
Summary, etc. Πρόλογος, Εισαγωγή, Η Ανάπτυξη του Παιδιού και η Διαδικασία της Μάθησης στην Προσχολική Εκπαίδευση, Νηπιαγωγείο: Η Διαμόρφωση του Χώρου, Να Διακοσμήσουμε το Νηπιαγωγείο Μαζί με τα Παιδιά και στα Πλαίσια της Αισθητικής Αγωγής, Η Λογοτεχνία στο Νηπιαγωγείο, Η Μουσικοκινητική Αγωγή στο Νηπιαγωγείο, Προσχολική Εκπαίδευση - Κουκλοθέατρο, Δραστηριότητες για την Ανάπτυξη του Προφορικού Λόγου στο Νηπιαγωγείο, Προετοιμασία για τη Γραφή, Κοινωνικές Μελέτες και Δραστηριότητες στο Νηπιαγωγείο, Μια Παράσταση με Κουκλοθέατρο, Η Τελευταία Γιορτή της Τάξης μας, Οι Επιστήμες στο Νηπιαγωγείο, Φυσικές Επιστήμες, Μαθηματικές Εμπειρίες στο Νηπιαγωγείο, Προσχολική Εκπαίδευση σύμφωνα με μια σαφή Διδακτική Μέθοδο: Montessori - Μια Μέθοδος και μια Στάση Ζωής, Βιβλιογραφία.
700 1# - ΠΡΟΣΘΕΤΗ ΑΝΑΓΡΑΦΗ--ΦΥΣΙΚΟ ΠΡΟΣΩΠΟ
Personal name Κουτσουβάνου Ευγενία
942 ## - ADDED ENTRY ELEMENTS (KOHA)
Koha item type Books
Holdings
Τύπος τεκμηρίου Βιβλιοθήκη Τρέχουσα τοποθεσία Barcode Αριθμός εισαγωγής Ημερομηνία απόκτησης Ταξιθετικό σύμβολο Αριθμός αντιτύπου Κατάσταση απόσυρσης Κατάσταση χαμένου Κατάσταση κατεστραμμένου Μη δανεισμός Σύνολο δανεισμών Ημερομηνία τελευταίας εμφάνισης Η τιμή ισχύει από
Books MC Athens Campus Library MC Athens Campus Library 9780000019219 4125 05/06/2025 372.218 KOU 1           05/06/2025 05/06/2025

MC Athens Campus Library
Πατησίων 94 & Κοδριγκτώνος 13, 104 34
Πελλήνης 8 & Πατησίων 107, 112 51
Τ: +30 210 8899600

MC Thessaloniki Campus Library
Ίωνος Δραγούμη 21, 54625 | Ίωνος Δραγούμη 15, 54625
Τ: +30 2310 287779 – Τ: +30 2314 440300